Tropical Medicine and Parasitology (Record no. 4957)

MARC details
000 -LEADER
fixed length control field 00546nam a22002057a 4500
003 - CONTROL NUMBER IDENTIFIER
control field OSt
005 - DATE AND TIME OF LATEST TRANSACTION
control field 20241014164906.0
008 - FIXED-LENGTH DATA ELEMENTS--GENERAL INFORMATION
fixed length control field 160812b xxu||||| |||| 00| 0 eng d
020 ## - INTERNATIONAL STANDARD BOOK NUMBER
International Standard Book Number 0723420696
040 ## - CATALOGING SOURCE
Transcribing agency 040a
082 ## - DEWEY DECIMAL CLASSIFICATION NUMBER
Classification number WB 100 P44c 1995
100 ## - MAIN ENTRY--PERSONAL NAME
Personal name Peters, Wallace; Gilles, Herbert M.
9 (RLIN) 2434
245 ## - TITLE STATEMENT
Title Tropical Medicine and Parasitology
250 ## - EDITION STATEMENT
Edition statement 4th.ed
260 ## - PUBLICATION, DISTRIBUTION, ETC. (IMPRINT)
Place of publication, distribution, etc. London;
Name of publisher, distributor, etc. Mosby-Wolfe,
Date of publication, distribution, etc. 1995
300 ## - PHYSICAL DESCRIPTION
Extent viii, 258p;
Other physical details col.ill :
Dimensions 18 cm.
504 ## - BIBLIOGRAPHY, ETC. NOTE
Bibliography, etc Includes index
650 ## - SUBJECT ADDED ENTRY--TOPICAL TERM
Topical term or geographic name as entry element Medicine
9 (RLIN) 10613
942 ## - ADDED ENTRY ELEMENTS (KOHA)
Source of classification or shelving scheme Other/Generic Classification Scheme
Koha item type Open Shelf
Holdings
Withdrawn status Lost status Source of classification or shelving scheme Damaged status Not for loan Home library Current library Date acquired Source of acquisition Inventory number Total Checkouts Full call number Barcode Date last seen Koha item type
    Other/Generic Classification Scheme     MUST Main Library MUST Main Library 12/08/2016 Donation 97/11094   WB 100 P44c 1995 2016-3574 12/08/2016 Open Shelf
    Other/Generic Classification Scheme     MUST Main Library MUST Main Library 19/08/2016 Donation 97/11093   WB 100 P44c 1995 2016-3760 19/08/2016 Open Shelf
    Other/Generic Classification Scheme     MUST Main Library MUST Main Library 19/08/2016 Donation 97/11092   WB 100 P44c 1995 2016-3761 19/08/2016 Open Shelf
    Other/Generic Classification Scheme     MUST Main Library MUST Main Library 19/08/2016 Donation 97/11091   WB 100 P44c 1995 2016-3762 19/08/2016 Open Shelf